| 000 | 00585nam a22002057a 4500 | ||
|---|---|---|---|
| 999 |
_c2217 _d2217 |
||
| 003 | AR-CdUCM | ||
| 008 | 190304b ||||| |||| 00| 0 spa d | ||
| 040 |
_aMUNICIPALIDAD PROVINCIAL DEL CUSCO _cBIBLIOTECA MUNICIPAL DEL CUSCO |
||
| 041 | _heng | ||
| 082 |
_26ed. _a828 / _bM29 |
||
| 100 |
_aMaugham, Somerset _97988 |
||
| 245 | _aEl filo de la Navaja / | ||
| 260 |
_aMéxico : _bDiana ; _c1963. |
||
| 300 |
_a314 páginas _c20cm |
||
| 505 | _aNovela | ||
| 650 |
_aLiteratura inglesa _97989 |
||
| 700 |
_aCahn, Alfredo (supervisión) _97990 |
||
| 942 |
_2ddc _cLIBROS |
||
| 945 | _anom | ||